Southville International School and Colleges
Your cart is empty.
  • Cart
  • Lists
    Public lists Eva Luna New books Lux_list list_1
    Your lists Log in to create your own lists
  • Log in to your account
  • Your cookies
  • Search history
Southville International School and Colleges
  • Advanced search
  • Recent comments
  • Most popular
  • Libraries

Log in to your account

Log in with GOOGLE


If you do not have an external account, but do have a local account, you can still log in:

  1. Home
  2. MARC view: The golden goblet /
Normal view MARC view ISBD view

The golden goblet / (Record no. 33311)

[ view plain ]
MARC details
000 -LEADER
fixed length control field 00778cam a22002891 4500
001 - CONTROL NUMBER
control field 8900185
003 - CONTROL NUMBER IDENTIFIER
control field OSt
005 - DATE AND TIME OF LATEST TRANSACTION
control field 20140310184244.0
008 - FIXED-LENGTH DATA ELEMENTS--GENERAL INFORMATION
fixed length control field 720107s1961 nyu j 000 1 eng
010 ## - LIBRARY OF CONGRESS CONTROL NUMBER
LC control number 61008256
020 ## - INTERNATIONAL STANDARD BOOK NUMBER
International Standard Book Number 0590445529
035 ## - SYSTEM CONTROL NUMBER
System control number (OCoLC)192062
040 ## - CATALOGING SOURCE
Original cataloging agency DLC
Transcribing agency OTifH
Modifying agency OCoLC
-- DLC
042 ## - AUTHENTICATION CODE
Authentication code premarc
050 00 - LIBRARY OF CONGRESS CALL NUMBER
Classification number PZ 7
Item number .M1696Go 1961
100 1# - MAIN ENTRY--PERSONAL NAME
Personal name McGraw, Eloise Jarvis.
9 (RLIN) 6279
245 14 - TITLE STATEMENT
Title The golden goblet /
Remainder of title Eloise Jarvis McGraw.
260 ## - PUBLICATION, DISTRIBUTION, ETC. (IMPRINT)
Place of publication, distribution, etc New York :
Name of publisher, distributor, etc Scholastic Inc.,
Date of publication, distribution, etc 1961.
300 ## - PHYSICAL DESCRIPTION
Extent 248 p. :
Dimensions 19 cm.
521 ## - TARGET AUDIENCE NOTE
Target audience note
526 ## - STUDY PROGRAM INFORMATION NOTE
Reading level 930
650 ## - SUBJECT ADDED ENTRY--TOPICAL TERM
Topical term or geographic name as entry element Fiction
General subdivision Juvenile literature.
9 (RLIN) 30432
906 ## - LOCAL DATA ELEMENT F, LDF (RLIN)
a 7
b cbc
c oclcrpl
d u
e ncip
f 19
g y-gencatlg
942 ## - ADDED ENTRY ELEMENTS (KOHA)
Source of classification or shelving scheme Library of Congress Classification
Koha item type
Holdings
Withdrawn status Lost status Source of classification or shelving scheme Damaged status Home library Current library Shelving location Date acquired Source of acquisition Total Checkouts Full call number Barcode Date last seen Copy number Price effective from Koha item type
    Library of Congress Classification   Luxembourg Library Luxembourg Library Scholastic Reading Center Section 04/11/2012 Donation   PZ 7 .M1696Go 1961 LEX0339 04/18/2017 1 01/30/2014 Books
    Library of Congress Classification   Luxembourg Library Luxembourg Library Scholastic Reading Center Section 10/16/2013     PZ 7 .M1696Go 1961 SCHO0017 04/18/2017 2 10/16/2013 Books

The golden goblet /

APA

McGraw E. J., . (1961). The golden goblet. New York: Scholastic Inc.

Chicago

McGraw Eloise Jarvis, . 1961. The golden goblet. New York: Scholastic Inc.

Harvard

McGraw E. J., . (1961). The golden goblet. New York: Scholastic Inc.

MLA

McGraw Eloise Jarvis, . The golden goblet. New York: Scholastic Inc. 1961.

  • Place hold
  • Print
  • Cite
  • Add to your cart (remove)
  • Save record
    BIBTEX Dublin Core MARCXML MARC (non-Unicode/MARC-8) MARC (Unicode/UTF-8) MARC (Unicode/UTF-8, Standard) MODS (XML) RIS
  • More searches
    Search for this title in:
    Other Libraries (WorldCat) Other Databases (Google Scholar) Online Stores (Bookfinder.com) Open Library (openlibrary.org)

Exporting to Dublin Core...

SOUTHVILLE LIBRARY

Southville International School and Colleges Library

1281 Tropical Ave. Cor. Luxembourg St., BF Homes International, Las Pinas City

Tel. No. 8256374 / 252358 Loc. 117/146

Powered by Koha